[Event "Gothenburg op"]
[Site "Gothenburg"]
[Date "2023.08.13"]
[Round "8"]
[White "Buzleta, Patrik"]
[Black "Mohammed, Safian Haj"]
[Result "0-1"]
[WhiteElo "1604"]
[BlackElo "1862"]
[PlyCount "77"]
[EventDate "2023.08.11"]
[EventType "swiss"]
[EventRounds "8"]
[EventCountry "SWE"]
[SourceTitle "CBM 215 Extra"]
[Source "ChessBase"]
[SourceDate "2023.09.30"]
[SourceVersion "1"]
[SourceVersionDate "2023.09.30"]
[SourceQuality "1"]

1. d4 Nf6 2. g3 c5 3. Bg2 cxd4 4. Qxd4 Nc6 5. Qd2 e5 6. a3 d5 7. e3 Be6 8. Ne2 h5 9. h3 Be7 10. b4 a6 11. Bb2 Qc7 12. Nbc3 Rd8 13. Na2 Qb6 14. 0-0 0-0 15. Rfb1 d4 16. e4 Rd7 17. Nac1 Nh7 18. Nd3 Bg5 19. f4 exf4 20. gxf4 Be7 21. Kh1 f5 22. Rg1 fxe4 23. Bxe4 Bxh3 24. c4 Nf6 25. Bf3 Bg4 26. Bg2 Qd8 27. Ne5 Nxe5 28. fxe5 Nh7 29. Nxd4 Bxb4 30. axb4 Qh4+ 31. Bh3 Rf2 32. Qxf2 Qxf2 33. Rg2 Qh4 34. Rh2 Bxh3 35. Nf3 Qg4 36. Ne1 Ng5 37. Rf2 Qe4+ 38. Kh2 Qe3 39. Bc1 0-1

[Event "Gothenburg op"]
[Site "Gothenburg"]
[Date "2023.08.12"]
[Round "5"]
[White "Mohammed, Safian Haj"]
[Black "Eldh, Hjalmar"]
[Result "1-0"]
[WhiteElo "1862"]
[BlackElo "1738"]
[PlyCount "113"]
[EventDate "2023.08.11"]
[EventType "swiss"]
[EventRounds "8"]
[EventCountry "SWE"]
[SourceTitle "CBM 215 Extra"]
[Source "ChessBase"]
[SourceDate "2023.09.30"]
[SourceVersion "1"]
[SourceVersionDate "2023.09.30"]
[SourceQuality "1"]

1. e4 e5 2. Nf3 Nc6 3. Bb5 a6 4. Ba4 Nf6 5. d3 b5 6. Bb3 Bc5 7. c3 d6 8. 0-0 Bg4 9. h3 Bh5 10. Nbd2 0-0 11. Re1 Bb6 12. Nf1 h6 13. Ng3 Bg6 14. Be3 Bxe3 15. Rxe3 Na5 16. Bc2 c5 17. Nh4 d5 18. Nxg6 fxg6 19. exd5 Qxd5 20. b4 Nc6 21. Bb3 c4 22. dxc4 Qxd1+ 23. Rxd1 Kh7 24. c5 a5 25. a3 Ra6 26. Rd6 Ne8 27. Rd7 axb4 28. cxb4 Nd4 29. Rb7 Nf6 30. Bd1 Rfa8 31. Rxe5 Rxa3 32. Kh2 Rd3 33. Be2 Rb3 34. Ree7 Rxb4 35. Rxg7+ Kh8 36. Rxg6 Nxe2 37. Rxh6+ Kg8 38. Nxe2 Ne4 39. c6 Nd6 40. Rxd6 Rb2 41. Nf4 Rxf2 42. Ne6 Rf6 43. c7 Rc8 44. Rd8+ Kf7 45. Ng5+ Ke7 46. Rxc8 b4 47. Rh8 b3 48. c8Q+ Kd6 49. Re8 Kd5 50. Rd7+ Rd6 51. Rxd6+ Kxd6 52. Rd8+ Ke5 53. Nf3+ Ke4 54. Qc4+ Ke3 55. Qd4+ Ke2 56. Re8+ Kf1 57. Re1# 1-0

[Event "Gothenburg op"]
[Site "Gothenburg"]
[Date "2018.08.17"]
[Round "2"]
[White "Rasti, Arvin"]
[Black "Mohammed, Safian Haj"]
[Result "1-0"]
[WhiteElo "2091"]
[BlackElo "1807"]
[PlyCount "101"]
[EventDate "2018.08.17"]
[EventType "swiss"]
[EventRounds "8"]
[EventCountry "SWE"]
[SourceTitle "CBM 186 Extra"]
[Source "ChessBase"]
[SourceDate "2018.08.24"]
[SourceVersion "1"]
[SourceVersionDate "2018.08.24"]
[SourceQuality "1"]

1. d4 Nf6 2. Bf4 g6 3. Nf3 Bg7 4. e3 d5 5. Be2 0-0 6. Nc3 c6 7. Ne5 Nbd7 8. h4 h5 9. Qd2 Nxe5 10. Bxe5 b5 11. Bxf6 exf6 12. 0-0-0 a5 13. g4 Bxg4 14. Bxg4 hxg4 15. h5 g5 16. h6 Bh8 17. Qd3 Qd7 18. Ne2 Rfe8 19. Ng3 a4 20. Nf5 Re4 21. h7+ Kf8 22. Qa3+ Ke8 23. Nd6+ Kd8 24. Nxe4 dxe4 25. Qf8+ Qe8 26. Qxe8+ Kxe8 27. d5 c5 28. d6 Kd7 29. Rd5 a3 30. b3 c4 31. Rxb5 cxb3 32. Rxb3 Kxd6 33. Rd1+ Ke6 34. Rb5 f5 35. Rdd5 Bb2+ 36. Kd1 Rh8 37. Rxf5 Rxh7 38. Rxg5 Rh1+ 39. Kd2 Rg1 40. Rb6+ Ke7 41. Rb4 Kf6 42. Rgb5 Ra1 43. Rxe4 Rxa2 44. Rf4+ Ke6 45. Rxg4 Ra1 46. Rgb4 Rb1 47. Ra5 Bc1+ 48. Kc3 Rxb4 49. Kxb4 Bd2+ 50. c3 Bc1 51. Rxa3 1-0